Sierra Leone Country Quiz - Statistics

General Stats
  • This quiz has been taken 19,565 times
    19,516 since last reset
  • The average score is 11 of 15
Answer Stats
Clue Answer % Correct
Official language English
96%
This wasn't abolished up until 1928 Slavery
93%
Most common religion Islam
92%
Neighboring countries Liberia
92%
Empire that controlled Sierra Leone between 1808–1961 British Empire
91%
Disease outbreak that killed 3,956 people between 2013–2016 Ebola
91%
Neighboring countries Guinea
91%
Capital city of Sierra Leone Freetown
82%
At 55.07 years, Sierra Leone has the 5th lowest ___ _____ of any country Life Expectancy
76%
Most important export Diamonds
67%
2006 movie about the illegal trade of the above, starring Leonardo DiCaprio Blood Diamond
56%
Most important staple crop Rice
54%
Meaning of Sierra Leone's name Lion Mountains
50%
The capital was founded partially as a place for the blacks who fought on the loyalist side of this war American Revolution
36%
Currency of Sierra Leone Leone
29%
No matching quizzes found
Score Distribution
Percent of People with Each Score
Percentile by Number Answered
Your Score History
You have not taken this quiz since the last reset